000 00438nam a2200145 i 4500
001 26622
003 ES-MaACL
007 t|
008 030109s1941 sp ||||1| spa d
100 1 _aArranz Velarde, F.
_923227
245 1 3 _aLa España musulmana
_b: (La historia y la tradición) /
_cF. Arranz Velarde.
260 _aMadrid :
_b[s.n.,
_c1941] (
_fMarsiega)
300 _a244 p. :
_bil. ;
_c21 cm.
852 _aES-MaACL
_jB-9547
_bR.19319
999 _c26622
_d26622